Famous Canadians Picture Quiz Stats

 Plays Quiz Updated Dec 5, 2018

Support Sporcle.
Go Orange.
Score 0/24 Timer 04:00
1 Play Today
% Correct
Jim Carrey
94.5%
Celine Dion
83.6%
William Shatner
76.8%
John Candy
75.2%
Kiefer Sutherland
74.6%
Ryan Gosling
73.3%
Seth Rogen
70.6%
Ryan Reynolds
68.7%
Alex Trebek
66.5%
Wayne Gretzky
63.5%
Martin Short
57.2%
Steve Nash
56.9%
% Correct
Michael Cera
55.7%
Michael Bublé
54.9%
Sidney Crosby
50.1%
Leslie Nielsen
50%
Rachel McAdams
45.7%
Will Arnett
43.1%
James Cameron
41.9%
Bryan Adams
33.9%
Christopher Plummer
32.4%
Nathan Fillion
29.5%
Terry Fox
28.2%
David Suzuki
21.1%

From the Vault

Follow the Instructions - End of Lent

by SporcleEXP

Holiday 8m
Just do what the clues tell you...how hard can it be?
Remove Ads.
Support Sporcle.
Get the best of Sporcle when you Go Orange. This ad-free experience offers more features, more stats, and more fun while also helping to support Sporcle. Thank you for becoming a member.

Show Comments

Extras

Top Quizzes Today


Score Distribution

Your Account Isn't Verified!

In order to create a playlist on Sporcle, you need to verify the email address you used during registration. Go to your Sporcle Settings to finish the process.

Report this User

Report this user for behavior that violates our Community Guidelines.

Details: